| 000 | 00617nam a2200205 a 4500 | ||
|---|---|---|---|
| 005 | 20220528063513.0 | ||
| 008 | 090515s2006 es r 000 0 spa d | ||
| 020 | _a8466751769 | ||
| 035 | _aUPN01000170490 | ||
| 049 | _aCG | ||
| 050 | 4 |
_aPQ6668 O3.75 _bB6.7 2006 |
|
| 100 | 1 |
_aRodríguez Almodóvar, Antonio, _d1941- _930636 |
|
| 245 | 1 | 3 |
_aEl bosque de los sueños / _cAntonio R. Almodóvar. |
| 250 | _a2a ed. | ||
| 260 |
_aMadrid : _bAnaya, _c2006. |
||
| 300 | _a524 p. | ||
| 500 | _a"Premio nacional de literatura infantil y juvenil 2005" | ||
| 650 | 0 |
_aLiteratura juvenil española _912359 |
|
| 905 | _aLibro | ||
| 999 |
_c142595 _d142595 |
||